Estudio de impacto ambiental de la construcción del Hotel de Montaña Los Pinares en el Quebracho, Estelí

La investigación consiste en el estudio de impacto ambiental en el proceso constructivo que involucra un cambio en el ambiente, normalmente positivo desde el punto de vista financiero y/o económico, pero no siempre así desde el punto de vista ambiental. Desafortunadamente los esfuerzos por el cre...

Full description

Bibliographic Details
Main Authors: Espinoza Blandón, Darwin, Castillo Morán, Lannier Iván
Other Authors: Tutor: Ocampo Elvir, Gustavo Adolfo
Format: Tesis Section = Libro
Language:Undetermined
Spanish
Published: Managua UNI 2011
Subjects:
LEADER 01260nam a2200265Ia 4500
008 240830s9999 xx 000 0 und d
040 |a BIBLIOTECA-RUPAP T.Mon 333.7 E77 
041 |a spa 
082 |a T.Mon 333.7 E77 
100 1 |a Espinoza Blandón, Darwin 
100 1 |b Castillo Morán, Lannier Iván 
245 1 0 |a Estudio de impacto ambiental de la construcción del Hotel de Montaña Los Pinares en el Quebracho, Estelí 
260 |a Managua  |b UNI  |c 2011 
300 |a 79 p. :il. 
500 |a Contiene: anexos. 
502 |a Tesis (Ingeniero Civil)- UNI, 2011. 
520 3 |a La investigación consiste en el estudio de impacto ambiental en el proceso constructivo que involucra un cambio en el ambiente, normalmente positivo desde el punto de vista financiero y/o económico, pero no siempre así desde el punto de vista ambiental. Desafortunadamente los esfuerzos por el crecimiento económico y el progreso han derivado la llamada crisis ambiental y el deterioro del ecosistema global. 
650 7 |a IMPACTO AMBIENTAL 
650 7 |b CONSTRUCCION DE HOTEL 
650 7 |c EVALUACION DE IMPACTO AMBIENTAL 
650 7 |d MITIGACION Y MONITOREO 
700 1 |a Tutor:  |b Ocampo Elvir, Gustavo Adolfo 
942 |c BK  |2 ddc 
991 |a TESIS 
999 |c 18068